Un montón de bebés : la camada más grande del mundo /

Guardado en:
Autor Principal: Impey, Rose
Otros Autores: Rayner, Shoo; il., Loyo, Ernestina; trad.
Formato: Libro
Publicado: Buenos Aires : Fondo de Cultura Económica, 2015
Series:A la Orilla del Viento
Materias:
Etiquetas: Agregar Etiqueta
Sin Etiquetas, Sea el primero en etiquetar este registro!
LEADER 00931nam a22002655a 4500
001 CEM.cems015079
005 20190916160547.0
008 130507s2015##################000#0#####d
003 CEMS
020 |a 9789877190847 
082 0 4 |a 823.9 
100 1 |a Impey, Rose 
245 1 0 |a Un montón de bebés :  |b la camada más grande del mundo /  |c Rose Impey ; ilustrado Por Shoo Rayner ; traducido Por Ernestina Loyo 
260 |a Buenos Aires :  |b Fondo de Cultura Económica,  |c 2015 
300 |a 56 p. 
490 0 |a A la Orilla del Viento 
500 |a Título original: Too many babies. The largest litter in the world 
653 |a Literatura 
653 |a Literatura inglesa 
653 |a Literatura infantil 
653 |a Cuentos infantiles 
653 |a Colección ciencias de la educación 
700 1 |a Rayner, Shoo; il. 
700 1 |a Loyo, Ernestina; trad. 
859 |a CEMS  |b BIB. CEMS - Ccias. Educacion  |h 823.9  |i Im75  |k CE  |p 28025.19  |t Ej.1